Halte des Fernverkehrs der Schweiz #4 - Statistiken

Allgemein
  • Dieses Quiz wurde 78 mal gespielt
  • Das Durchschnittsergebnis liegt bei 52 aus 80
Antwortstatistiken
Haltestellen % Korrekt
Zürich HB
100%
Zürich HB
100%
Zürich HB
100%
Zürich HB
100%
Zürich HB
100%
Bern
98%
Basel SBB
96%
Basel SBB
96%
Basel SBB
96%
Basel SBB
96%
Basel SBB
96%
Olten
90%
Olten
90%
Olten
90%
Aarau
85%
Aarau
85%
Luzern
83%
Luzern
83%
Liestal
81%
Liestal
81%
Zürich Flughafen
81%
Bellinzona
79%
Bellinzona
79%
Baden
77%
Baden
77%
Baden
77%
Zug
77%
Altdorf UR
75%
Altdorf UR
75%
Arth-Goldau
75%
Arth-Goldau
75%
Brugg AG
75%
Brugg AG
75%
Brugg AG
75%
Locarno
75%
Locarno
75%
Rheinfelden
73%
Rheinfelden
73%
Zürich Oerlikon
73%
Sursee
69%
Airolo
67%
Airolo
67%
Frick
67%
Frick
67%
Göschenen
67%
Göschenen
67%
Lenzburg
65%
Sissach
60%
Sissach
60%
Zofingen
60%
Dietikon
58%
Schwyz
58%
Schwyz
58%
Zürich Altstetten
58%
Erstfeld
54%
Erstfeld
54%
Ambrì-Piotta
46%
Ambrì-Piotta
46%
Biasca
46%
Biasca
46%
Gelterkinden
46%
Brunnen
44%
Brunnen
44%
Flüelen
44%
Flüelen
44%
Giubiasco
40%
Giubiasco
40%
Tenero
40%
Tenero
40%
Faido
38%
Faido
38%
Stein-Säckingen
38%
Cadenazzo
27%
Cadenazzo
27%
Castione-Arbedo
27%
Castione-Arbedo
27%
Bodio TI
25%
Bodio TI
25%
Lavorgo
23%
Lavorgo
23%
Keine übereinstimmenden Quizze gefunden
Verteilung der Resultate
Anzahl Personen mit jedem Resultat
Perzentil nach korrekt beantworteten Fragen
Ihre Resultats-Entwicklung
Sie haben dieses Quiz noch nicht gespielt